ბათუმის შოთა რუსთაველის სახელმწიფო უნივერსიტეტის ბიბლიოთეკა

ფიზიკურ სიდიდეთა ერთეულები / (ბიბ.ჩანაწერი № 38425)

000 -ლიდერი
ფიქსირებული სიგრძის საკონტროლო ველი 01051nam a2200241Ia 4500
001 - საკონტროლო ნომერი
საკონტროლო ველი 4436
003 - საკონტროლო ნომრის იდენტიფიკატორი
საკონტროლო ველი GE_BSU
005 - ბოლო ოპერაციის თარიღი და დრო
საკონტროლო ველი 20190517184339.0
008 - ფიქსირებული სიგრძის მონაცემთა ელემენტები - ზოგადი ინფორმაცია
ფიქსირებული სიგრძის საკონტროლო ველი 181216s1982||||ge |||||||||||||| ||geo||
040 ## - კატალოგიზაციის წყარო
Transcribing agency GE_BSU
041 ## - ენის კოდი
Language code of text/sound track or separate title geo
080 ## - უნივერსალური ათობითი კლასიფიკაციის ინდექსი
Universal Decimal Classification number 531.7(075) გ–56
100 ## - მთავარი ჩანაწერი - პიროვნების სახელი
Personal name გლოველი, შ.
9 (RLIN) 1330
245 ## - ცნობა სათაურის შესახებ
Title ფიზიკურ სიდიდეთა ერთეულები /
Statement of responsibility, etc შ.გლოველი ; ნ. გიორგობიანი ; დ. ვარძელაშვილი ; ნ.ა.ლანდიას რედაქციით.
264 ## - წარმოების, გამოცემის, დისტრიბუციის და სხვა ცნობები
გამოცემის, წარმოების, დისტრიბუციის... ადგილი თბილისი :
გამოცემის, წარმოების, დისტრიბუციის... სახელწოდება მეცნიერება,
გამოცემის, წარმოების, დისტრიბუციის... თარიღი 1982.
300 ## - ფიზიკური აღწერა
Extent 214 გვ .:
Dimensions 21 სმ.
653 ## - INDEX TERM--UNCONTROLLED
Uncontrolled term ფიზიკურ სიდიდეთა ერთეულები.
653 ## - INDEX TERM--UNCONTROLLED
Uncontrolled term ფიზიკა
700 ## - ADDED ENTRY--PERSONAL NAME
Personal name გიორგობიანი,ნ.
9 (RLIN) 1331
700 ## - ADDED ENTRY--PERSONAL NAME
Personal name ვარძელაშვილი,დ.
9 (RLIN) 1332
700 ## - ADDED ENTRY--PERSONAL NAME
Personal name ლანდიას, ნ.ა
Relator term რედაქციით
9 (RLIN) 1333
942 ## - ADDED ENTRY ELEMENTS (KOHA)
Koha item type წიგნი
Source of classification or shelving scheme
ეგზემპლარები
ჩამოწერის სტატუსი დაკარგული ეგზემპლარის სტატუსი კლასიფიკაციის წყარო ან თაროზე გაწყობის სქემა დაზიანების სტატუსი არ გაიცემა მუდმივი მდებარეობა (დაცვის ადგილი) ამჟამინდელი ადგილსამყოფელი თაროზე განთავსების ადგილი შეძენის თარიღი ღირებულება, შესყიდვის ნორმალური ფასი სრული შენახვის შიფრი შტრიხკოდი ბოლო ოპერაციის თარიღი ეგზემპლარის მიმდევრობითი ნომერი (კეტერი?) ფასის ძალაში შესვლის თარიღი ეგზემპლარის სახეობა საჯარო შენიშვნა
          ტექნოლოგიური ფაკულტეტის ბიბლიოთეკა ტექნოლოგიური ფაკულტეტის ბიბლიოთეკა წიგნსაცავი 2018-12-17 2.00 531.7(075) გ–56 8708 2018-12-17 8708 2018-12-17 წიგნი 2 ლ. 60თ.
          ტექნოლოგიური ფაკულტეტის ბიბლიოთეკა ტექნოლოგიური ფაკულტეტის ბიბლიოთეკა წიგნსაცავი 2018-12-17 2.00 531.7(075) გ–56 8709 2018-12-17 8709 2018-12-17 წიგნი 2 ლ. 60თ.
          ტექნოლოგიური ფაკულტეტის ბიბლიოთეკა ტექნოლოგიური ფაკულტეტის ბიბლიოთეკა წიგნსაცავი 2018-12-17 2.00 531.7(075) გ–56 8710 2018-12-17 8710 2018-12-17 წიგნი 2 ლ.60 თ.